000
00268nam a2200109Ia 4500
001
1272286
005
20260417151425.0
008
260417s9999 xx 000 0 und d
020
_a
9786255998057
245
0
_a
Sana Ne Oldu?
_c
James Catchpole
260
_b
Ketebe Çocuk
999
_c
1272286
_d
1272286